02552nam a2200313 i 4500001001000000003001000010005001700020007000300037008004100040020001800081040004700099041001300146082002200159100003000181240004900211245007700260264005700337264001200394300002700406336002700433337003300460338002800493490003600521505027000557520134400827563001402171650002502185653002802210768714001CO-MdFUSB20220121163002.0ta220121t2019 sp |||| |||| 00| 0 spa d a9788417620639 aCO-MdFUSBbspacCO-MdFUSBdCO-MdFUSBCerda aspaheng 223a230.046bM478 aMcCall, Thomas H. eautor aAn invitation to analytic christian theology aIntroducción a la teología cristiana analíticac/ Thomas H. McCall 1aViladecavalls, Barcelona, España : bClie,c[2019] 4c© 2019 a145 páginasc; 23 cm 2rdacontentatextobtxt 2rdamediaasin mediaciónbn 2rdacarrieravolumenbnc aBiblioteca de Teología Actual a1. ¿Qué es la teología analítica? -- 2. La teología analítica y las escrituras cristianas -- 3. La teología analítica y la historia del dogma -- 4. Teología analítica para la iglesia y el mundo -- 5. Teología analítica para la gloria de Dios. aEn las últimas décadas ha surgido un nuevo movimiento que trae las herramientas conceptuales de la filosofía analítica a la reflexión teológica. Llamada teología analítica, busca aportar una claridad de pensamiento y un uso disciplinado de la lógica al trabajo de la teología cristiana constructiva. En esta introducción a la teología analítica para especialistas y no especialistas por igual, Thomas McCall expone lo que es y lo que no es. La meta de este campo creciente y energético no es la eliminación de todo misterio en la teología. Al mismo tiempo, insiste en que el misterio no debe confundirse con la incoherencia lógica. McCall explica las conexiones de la teología analítica con las Escrituras, la tradición y la cultura cristiana, usando estudios de casos para iluminar su discusión. Más allá de la mera descripción, McCall llama a la disciplina a un compromiso más profundo con los recursos tradicionales de la tarea teológica. En esta introducción a la teología analítica para especialistas y no especialistas por igual, Thomas McCall expone lo que es y lo que no es. La meta de este campo creciente y energético no es la eliminación de todo misterio en la teología. Al mismo tiempo, insiste en que el misterio no debe confundirse con la incoherencia lógica. aRústico 7aTeología doctrinal aTeología analítica.